| 000 | nam a22 7a 4500 | ||
|---|---|---|---|
| 999 |
_c4490 _d4490 |
||
| 005 | 20170530144740.0 | ||
| 008 | 170530s2000 my ||||| |||| 00| 0 may d | ||
| 040 | _aAKMAL | ||
| 245 | 1 | 0 |
_aPerancangan Strategik. Pengurusan Cukai Dalaman Menuju Tahun 2000. / _cBahagian Cukai Dalaman, Kastam dan Eksais Diraja Malaysia. |
| 260 |
_aPutrajaya: _bBahagian Cukai Dalaman, Ibu Pejabat Kastam dan Eksais Diraja Malaysia, _c2000. |
||
| 300 |
_a31 mukasurat: _bil. wrn.: _c29 cm |
||
| 650 | 1 | 0 |
_aTax management _zMalaysia _98702 |
| 710 | 2 |
_aKastam dan Eksais Diraja Malaysia. _bBahagian Cukai Dalaman. _98703 |
|
| 942 |
_2ddc _cBOOK |
||
| 950 | _lAKMAL | ||